Detalles MARC
| 000 -CABECERA |
| campo de control de longitud fija |
01126nam a2200253 a 4500 |
| 001 - NÚMERO DE CONTROL |
| campo de control |
000042388 |
| 005 - FECHA Y HORA DE LA ÚLTIMA TRANSACCIÓN |
| campo de control |
20201002040125.0 |
| 008 - DATOS DE LONGITUD FIJA--INFORMACIÓN GENERAL |
| campo de control de longitud fija |
131127s2013 dr ad 001 0 spa d |
| 020 ## - NÚMERO INTERNACIONAL ESTÁNDAR DEL LIBRO |
| Número Internacional Estándar del Libro |
9789945889802 |
| 040 ## - FUENTE DE LA CATALOGACIÓN |
| Centro catalogador/agencia de origen |
DO-SdBNP |
| Lengua de catalogación |
spa |
| Centro/agencia transcriptor |
BNPHU |
| 082 ## - NÚMERO DE LA CLASIFICACIÓN DECIMAL DEWEY |
| Número de clasificación |
334 |
| Número de documento/Ítem |
R621m |
| 100 1# - ENTRADA PRINCIPAL--NOMBRE DE PERSONA |
| Nombre de persona |
Rivera Rodríguez, Claudio Alberto |
| 9 (RLIN) |
69487 |
| 245 10 - MENCIÓN DE TÍTULO |
| Título |
Manual para la implementación del modelo de gestión social en las cooperativas, sustentados en los principios cooperativos y en el balance social cooperativo / |
| Mención de responsabilidad, etc. |
Claudio Alberto Rivera Rodríguez, Juan Luis Alfonso Alemán, Yamira Mirabal González. |
| 260 ## - PUBLICACIÓN, DISTRIBUCIÓN, ETC. |
| Lugar de publicación, distribución, etc. |
Santo Domingo, : |
| Nombre del editor, distribuidor, etc. |
D&A Soluciones Gráficas, |
| Fecha de publicación, distribución, etc. |
2013. |
| 300 ## - DESCRIPCIÓN FÍSICA |
| Extensión |
36 p. : |
| Otras características físicas |
il., tabls. ; |
| Dimensiones |
21 cm. |
| 500 ## - NOTA GENERAL |
| Nota general |
Incluye datos biográficos del autor en la contraportada. |
| 590 ## - NOTA LOCAL (RLIN) |
| Nota local |
Inventariado, 2018 /LP |
| 650 #4 - PUNTO DE ACCESO ADICIONAL DE MATERIA--TÉRMINO DE MATERIA |
| Término de materia o nombre geográfico como elemento de entrada |
Economía solidaria |
| Subdivisión de forma |
MANUALES |
| 9 (RLIN) |
69488 |
| 650 #4 - PUNTO DE ACCESO ADICIONAL DE MATERIA--TÉRMINO DE MATERIA |
| Término de materia o nombre geográfico como elemento de entrada |
Cooperativismo |
| Subdivisión general |
Aspectos sociales |
| 9 (RLIN) |
50718 |
| 650 #4 - PUNTO DE ACCESO ADICIONAL DE MATERIA--TÉRMINO DE MATERIA |
| Término de materia o nombre geográfico como elemento de entrada |
Cooperativas |
| Subdivisión general |
Administración |
| Subdivisión de forma |
MANUALES |
| 9 (RLIN) |
69489 |
| 700 1# - PUNTO DE ACCESO ADICIONAL--NOMBRE DE PERSONA |
| Nombre de persona |
Alfonso Alemán, Juan Luis |
| 9 (RLIN) |
35361 |
| 700 1# - PUNTO DE ACCESO ADICIONAL--NOMBRE DE PERSONA |
| Nombre de persona |
Mirabal González, Yamira |
| 9 (RLIN) |
69490 |
| 910 ## - DATOS DE OPCIÓN DEL USUARIO (OCLC) |
| Datos de opción del usuario |
Validado. Control de calidad EMS |